[Event "Gyor Amateur op 22nd"]
[Site "Gyor"]
[Date "2023.03.05"]
[Round "5"]
[White "Vizkeleti, Peter"]
[Black "Bencsics, Benedek"]
[Result "0-1"]
[WhiteElo "1129"]
[BlackElo "1251"]
[PlyCount "112"]
[EventDate "2023.03.04"]
[EventType "swiss"]
[EventRounds "7"]
[EventCountry "HUN"]
[SourceTitle "EXT 2024"]
[Source "ChessBase"]
[SourceDate "2023.10.10"]
[SourceVersion "1"]
[SourceVersionDate "2023.10.10"]
[SourceQuality "1"]

1. d4 Nf6 2. Nf3 c5 3. c3 cxd4 4. Nxd4 e5 5. Nb3 d5 6. Bg5 Be7 7. e3 Bf5 8. Bxf6 Bxf6 9. Bb5+ Nc6 10. Nc5 Qb6 11. Bxc6+ bxc6 12. Nb3 0-0 13. 0-0 Rfd8 14. N1d2 c5 15. Qf3 Be6 16. Rfd1 c4 17. e4 cxb3 18. axb3 dxe4 19. Nxe4 Bxb3 20. Nxf6+ Qxf6 21. Re1 Qxf3 22. gxf3 f6 23. Rac1 Rd2 24. c4 Rc8 25. c5 Rxb2 26. c6 Rc7 27. Re3 Bd5 28. Rec3 Rb6 29. Ra1 a6 30. Rd3 Bxc6 31. Ra5 Rd7 32. Rc3 Bb7 33. Rac5 Rdd6 34. Kg2 Rdc6 35. Kg3 Rxc5 36. Rxc5 Rc6 37. Rd5 Rc7 38. Ra5 Rc3 39. Kg4 Rxf3 40. Rxa6 Rf4+ 41. Kg3 Bxa6 42. h4 Be2 43. h5 Bxh5 44. Kg2 e4 45. Kg3 Rf3+ 46. Kh4 e3 47. fxe3 Rxe3 48. Kxh5 Rg3 49. Kh4 Rg1 50. Kh3 f5 51. Kh2 Rg6 52. Kh3 f4 53. Kh4 f3 54. Kh3 f2 55. Kh2 f1R 56. Kh3 Rh1# 0-1

[Event "HUN-chT5"]
[Site "Hungary"]
[Date "2023.02.11"]
[Round "8.7"]
[White "Bencsics, Benedek"]
[Black "Fekete, Kristof"]
[Result "1/2-1/2"]
[WhiteElo "1223"]
[BlackElo "1271"]
[PlyCount "92"]
[EventDate "2022.12.03"]
[EventType "team-tourn"]
[EventRounds "9"]
[EventCountry "HUN"]
[SourceTitle "EXT 2024"]
[Source "ChessBase"]
[SourceDate "2023.10.10"]
[SourceVersion "1"]
[SourceVersionDate "2023.10.10"]
[SourceQuality "1"]

1. e4 c5 2. c3 e6 3. d4 cxd4 4. cxd4 Nf6 5. e5 Nd5 6. Nf3 Nc6 7. Bc4 Bb4+ 8. Bd2 Qa5 9. 0-0 b6 10. Bxd5 Bxd2 11. Qxd2 Qxd5 12. Nc3 Qa5 13. a3 b5 14. b4 Qb6 15. Rfd1 0-0 16. d5 exd5 17. Qxd5 a6 18. Ne4 Bb7 19. Qxd7 Nxb4 20. axb4 Bxe4 21. Ng5 Bxg2 22. Rd6 Qb7 23. Qxb7 Bxb7 24. Rb6 Rab8 25. Rc1 h6 26. Rc7 hxg5 27. Rcxb7 Rxb7 28. Rxb7 Ra8 29. Kf1 Kf8 30. Ke2 f6 31. exf6 gxf6 32. Kd3 Ke8 33. Ke4 Rd8 34. Ke3 Rd6 35. Rh7 Re6+ 36. Kd3 Re7 37. Rh8+ Kf7 38. Rh7+ Ke6 39. Rh8 Ke5 40. Rh3 Rd7+ 41. Kc3 Rc7+ 42. Kd3 Rc4 43. Re3+ Kf5 44. Rf3+ Ke5 45. Re3+ Kd5 46. Rf3 Rc6 1/2-1/2

[Event "Level op-B 8th"]
[Site "Level"]
[Date "2022.09.10"]
[Round "5"]
[White "Nemeth, Zoltan1111"]
[Black "Bencsics, Benedek"]
[Result "1-0"]
[WhiteElo "1309"]
[BlackElo "1222"]
[PlyCount "73"]
[EventDate "2022.09.09"]
[EventType "swiss"]
[EventRounds "7"]
[EventCountry "HUN"]
[SourceTitle "EXT 2023"]
[Source "ChessBase"]
[SourceDate "2022.10.05"]
[SourceVersion "1"]
[SourceVersionDate "2022.10.05"]
[SourceQuality "1"]

1. d4 d5 2. Bf4 Nf6 3. Nf3 Bf5 4. e3 e6 5. c4 Nbd7 6. a3 a5 7. Nc3 c5 8. dxc5 Nxc5 9. Nb5 Rc8 10. b4 axb4 11. axb4 Na6 12. Qa4 Bxb4+ 13. Nd2 Bxd2+ 14. Kxd2 dxc4+ 15. Ke1 0-0 16. Rd1 Qe8 17. Bd6 Ne4 18. Bxf8 Nc3 19. Nxc3 Qxa4 20. Nxa4 Bc2 21. Ra1 Kxf8 22. Nb6 Rc7 23. Bxc4 Nb4 24. Ke2 Rc6 25. Nd7+ Ke7 26. Bb5 Rd6 27. Rhc1 f5 28. f4 Bd3+ 29. Bxd3 Nxd3 30. Rd1 Rxd7 31. Rxd3 Rxd3 32. Kxd3 Kd6 33. Kc4 Kc6 34. Rb1 h6 35. Kd4 g5 36. fxg5 hxg5 37. Ke5 1-0

[Event "Level op-B 8th"]
[Site "Level"]
[Date "2022.09.09"]
[Round "2"]
[White "Bencsics, Benedek"]
[Black "Vasenszky, Zoltan Gyorgy"]
[Result "0-1"]
[WhiteElo "1222"]
[BlackElo "1383"]
[PlyCount "94"]
[EventDate "2022.09.09"]
[EventType "swiss"]
[EventRounds "7"]
[EventCountry "HUN"]
[SourceTitle "EXT 2023"]
[Source "ChessBase"]
[SourceDate "2022.10.05"]
[SourceVersion "1"]
[SourceVersionDate "2022.10.05"]
[SourceQuality "1"]

1. e4 e6 2. d4 d5 3. e5 c5 4. c3 Qb6 5. Nf3 Nc6 6. Bd3 Bd7 7. 0-0 cxd4 8. cxd4 Nxd4 9. Nc3 Bc5 10. Nxd4 Bxd4 11. Na4 Qc6 12. Nc3 Bxe5 13. Bb5 Qc7 14. Bxd7+ Qxd7 15. f4 Bd6 16. Re1 Bb4 17. Qxd5 Qxd5 18. Nxd5 Bxe1 19. Nc7+ Kd8 20. Nxa8 Kc8 21. Be3 Ba5 22. Bxa7 Ne7 23. Nb6+ Kc7 24. Rc1+ Nc6 25. Na4 Bd2 26. Bb6+ Kc8 27. Rc4 Kd7 28. Nc5+ Kc8 29. Na4 Re8 30. Nc3 Kd7 31. Ne4 Bb4 32. a3 Bd6 33. Nc5+ Bxc5+ 34. Bxc5 Rc8 35. Bd4 b5 36. Rc1 Nxd4 37. Rd1 Ke7 38. Rxd4 Rc1+ 39. Kf2 Rc2+ 40. Ke3 Rxb2 41. Rb4 Rxb4 42. axb4 Kd6 43. Kd4 f5 44. h3 g6 45. g3 h6 46. g4 fxg4 47. hxg4 h5 0-1

[Event "Mosonmagyarovar Polip Kupa-C 2nd"]
[Site "Mosonmagyarovar"]
[Date "2022.07.09"]
[Round "2"]
[White "Nyari, Rajmund"]
[Black "Bencsics, Benedek"]
[Result "1-0"]
[WhiteElo "1373"]
[BlackElo "1260"]
[PlyCount "55"]
[EventDate "2022.07.09"]
[EventType "swiss"]
[EventRounds "4"]
[EventCountry "HUN"]
[SourceTitle "EXT 2023"]
[Source "ChessBase"]
[SourceDate "2022.10.05"]
[SourceVersion "1"]
[SourceVersionDate "2022.10.05"]
[SourceQuality "1"]

1. d4 Nf6 2. Nf3 g6 3. Bg5 Bg7 4. Nbd2 d6 5. c3 0-0 6. e4 c5 7. d5 Bg4 8. Be2 Nbd7 9. 0-0 h6 10. Bh4 a6 11. h3 Bxf3 12. Bxf3 Ne5 13. Be2 b5 14. f4 Ned7 15. Qc2 Re8 16. Nf3 Qc7 17. Kh1 e6 18. Bxf6 Bxf6 19. g4 exd5 20. exd5 Nb6 21. Rad1 Qb7 22. g5 Bg7 23. gxh6 Bxh6 24. Ng5 Nxd5 25. Bf3 Bxg5 26. Bxd5 Qd7 27. fxg5 Qxh3+ 28. Qh2 1-0

[Event "HUN-chT Region CSB"]
[Site "Hungary"]
[Date "2022.04.09"]
[Round "9.3"]
[White "Nagy, Tibor2222"]
[Black "Bencsics, Benedek"]
[Result "1-0"]
[WhiteElo "1691"]
[BlackElo "1255"]
[PlyCount "65"]
[EventDate "2021.11.06"]
[EventType "team-swiss"]
[EventRounds "10"]
[EventCountry "HUN"]
[SourceTitle "EXT 2023"]
[Source "ChessBase"]
[SourceDate "2022.10.05"]
[SourceVersion "1"]
[SourceVersionDate "2022.10.05"]
[SourceQuality "1"]
[WhiteTeam "Level KSE"]
[BlackTeam "Asvanyraro Szigetkoezi II"]
[WhiteTeamCountry "HUN"]
[BlackTeamCountry "HUN"]

1. e4 e5 2. Nf3 Nc6 3. Bb5 Nf6 4. 0-0 Bc5 5. c3 d6 6. d4 a6 7. Bxc6+ bxc6 8. dxc5 0-0 9. Bg5 Bg4 10. h3 Bh5 11. Qd3 h6 12. Bh4 Bg6 13. Nbd2 d5 14. Nxe5 dxe4 15. Qe2 Bh5 16. g4 Bg6 17. Rad1 Qe7 18. Nxc6 Qxc5 19. Bxf6 Qxc6 20. Bd4 f5 21. Qc4+ Qxc4 22. Nxc4 fxg4 23. hxg4 Rf4 24. Ne5 h5 25. Be3 Rf6 26. g5 Re6 27. Bf4 Rf8 28. Nxg6 Rxg6 29. Be3 Rf3 30. Kg2 Rxe3 31. fxe3 Rxg5+ 32. Kh1 Rg3 33. Rde1 1-0